00685nam a22001937a 450000500170000001000150001702000260003203500140005803700130007208200130008510000180009824500910011626000410020727000500024830000220029894200270032099900190034795201250036620170517111257.0 aENG-118188 a9789384275204c995.00 aEN-101720 bDBAD/PUB a954.0841 aSharma, Lalit aNorth eastern participation of indian independence /cby Lalit Sharma and Hement Deori aIndiabNE BOOKS AND PUBLISHERSc2017 aNational Highway Silchar- 788005 Assam, India a269p.c23cm. (Hb) 2ddccENh954.0841mSHA c139987d139987 001040718NFICaDBADbBNd2017-05-17eDBAD/PUBg995.00l0o954.0841 SHApEN-101720r2017-05-17 00:00:00t1v995.00yEN